[Event "XX Carlos Torre Wimbledon"]
[Site "Merida MEX"]
[Date "2007.12.19"]
[Round "1.1"]
[White "Quezada Perez,Y"]
[Black "Leon Hoyos,M"]
[Result "1-0"]
[WhiteElo "2546"]
[BlackElo "2495"]
[EventDate "2007.12.19"]

1. e4 c5 2. Nf3 Nc6 3. d4 cxd4 4. Nxd4 g6 5. c4 Nf6 6. Nc3 d6 7. Be2 Nxd4
8. Qxd4 Bg7 9. Be3 O-O 10. Qd2 Qa5 11. Rc1 Be6 12. f3 Rfc8 13. b3 Nd7 14.
Nd5 Qxd2+ 15. Kxd2 Bxd5 16. cxd5 Bb2 17. Rc2 Ba3 18. Bd4 Nc5 19. Rb1 a5 20.
Bb5 Rc7 21. Rc4 Rac8 22. Bc3 b6 23. Ke2 e5 24. Bb2 Bxb2 25. Rxb2 Kf8 26.
Ke3 Ke7 27. a3 Kd8 28. b4 axb4 29. axb4 Ne6 30. Rxc7 Nxc7 31. Bc6 b5 32.
Ra2 Rb8 33. Kd3 Rb6 34. Kc3 g5 35. g3 Ke7 36. Ra7 Kd8 37. Kb3 h6 38. h4 Rb8
39. Kc3 Rb6 40. Bb7 Kd7 41. Kd3 Ke7 42. Ke3 Ke8 43. Kf2 gxh4 44. gxh4 h5
45. Ke3 Kd8 46. f4 f6 47. f5 Kd7 48. Kd3 Kd8 49. Kc3 Kd7 50. Kb2 Kd8 51.
Kb3 Kd7 52. Kc3 Kd8 53. Bc6 Rb8 54. Kb3 Rb6 55. Ra1 Ke7 56. Rg1 Kf7 57. Bd7
Ne8 58. Ra1 Ke7 59. Ra7 Kd8 60. Bc6 Nc7 61. Ra1 Ke7 62. Rg1 Kf7 63. Bd7 Ne8
64. Rg6 Rb8 65. Be6+ Ke7 66. Rh6 Ra8 67. Rxh5 1-0

[Event "XX Carlos Torre Wimbledon"]
[Site "Merida MEX"]
[Date "2007.12.19"]
[Round "1.1"]
[White "Tregubov,P"]
[Black "Meier,Geo"]
[Result "1-0"]
[WhiteElo "2609"]
[BlackElo "2558"]
[EventDate "2007.12.19"]

1. d4 e6 2. Nf3 Nf6 3. c4 Bb4+ 4. Bd2 c5 5. Bxb4 cxb4 6. e3 O-O 7. Be2 b6
8. O-O Bb7 9. a3 bxa3 10. b4 Qe7 11. b5 d5 12. Nxa3 Nbd7 13. cxd5 Nxd5 14.
Qb3 a5 15. bxa6 Bxa6 16. Bxa6 Rxa6 17. Nc4 Raa8 18. g3 h6 19. Nfd2 Rfb8 20.
e4 N5f6 21. Ne3 Qd8 22. e5 Ne8 23. Ne4 Rxa1 24. Rxa1 Ra8 25. Rd1 Qc8 26. f4
Qb7 27. d5 Nf8 28. f5 exd5 29. Nxd5 Ra5 30. Nec3 Kh8 31. Rb1 Qd7 32. Qb4
Nh7 33. Nxb6 Qa7 34. Qd4 Ng5 35. Kf2 f6 36. Qd7 Ra2+ 37. Ke3 Qa3 38. Qxe8+
Kh7 39. Qg6+ Kh8 40. Qe8+ Kh7 41. Nbd5 Qa7+ 1-0

[Event "XX Carlos Torre Wimbledon"]
[Site "Merida MEX"]
[Date "2007.12.19"]
[Round "1.2"]
[White "Dominguez Perez,L"]
[Black "Nogueiras Santiago,J"]
[Result "1/2-1/2"]
[WhiteElo "2683"]
[BlackElo "2549"]
[EventDate "2007.12.19"]

1. e4 e6 2. d4 d5 3. Nc3 dxe4 4. Nxe4 Nd7 5. Nf3 Ngf6 6. Nxf6+ Nxf6 7. c3
c5 8. Ne5 a6 9. Be3 Qc7 10. Qa4+ Nd7 11. Bb5 cxd4 12. Bxd7+ Bxd7 13. Qxd4
f6 14. Qxd7+ Qxd7 15. Nxd7 Kxd7 16. O-O-O+ Kc6 17. Rd4 b5 18. Rhd1 Be7 19.
Rd7 Rhe8 20. g4 g6 21. h4 h5 22. f3 Rad8 23. Ra7 Ra8 24. Rdd7 Rxa7 25. Rxa7
hxg4 26. fxg4 f5 27. gxf5 gxf5 28. h5 e5 29. h6 Kd5 30. h7 Bf6 31. Rxa6 Bh8
32. Bg5 Rf8 33. Kd2 Rf7 34. Rh6 Ke4 35. Ke2 f4 36. Bd8 Rd7 37. Bb6 f3+ 38.
Ke1 Rg7 39. Rh2 Kf4 40. Kf2 Rd7 41. Be3+ Kg4 42. Rh1 b4 43. Rg1+ Kf5 44.
Rg5+ Ke4 45. Rh5 bxc3 46. bxc3 Rb7 47. Bc1 Rb1 48. Rh1 Ra1 49. Re1+ Kf5 50.
Kxf3 Rxa2 51. Rg1 Rh2 52. Rg5+ Kf6 53. Ke4 Rxh7 54. Rxe5 Rc7 55. Rh5 Bg7
56. Rh3 Ke6 57. Bd2 Rd7 58. Rh2 Bf6 59. Re2 Rd5 60. Rg2 Rd7 61. Rh2 Rd5 62.
Be3 Bxc3 1/2-1/2

[Event "XX Carlos Torre Wimbledon"]
[Site "Merida MEX"]
[Date "2007.12.20"]
[Round "2.1"]
[White "Harikrishna,P"]
[Black "Meier,Geo"]
[Result "1-0"]
[WhiteElo "2668"]
[BlackElo "2558"]
[EventDate "2007.12.19"]

1. e4 e6 2. d4 d5 3. e5 c5 4. c3 Nc6 5. Nf3 Qb6 6. Be2 cxd4 7. cxd4 Nh6 8.
Bd3 Nf5 9. Bxf5 exf5 10. O-O Be7 11. Nc3 Be6 12. Ne2 h6 13. h4 Kd7 14. Be3
Qxb2 15. Rb1 Qxa2 16. Rxb7+ Kc8 17. Nc3 Qa6 18. Rxe7 Nxe7 19. Na4 Nc6 20.
Nc5 Qb5 21. Qa1 Rb8 22. Nd2 Qb2 23. Qa6+ Kc7 24. Rb1 Qxb1+ 25. Nxb1 Rxb1+
26. Kh2 Rb6 27. Qa3 Rd8 28. Bd2 Kb8 29. h5 Nxd4 30. Ba5 Nc6 31. Bxb6 axb6
32. Na4 b5 33. Nc5 Kc7 34. Na6+ Kb7 35. Qc5 Na7 36. Qc7+ Kxa6 37. Qxd8 Nc6
38. Qc7 Na5 39. Qd6+ Kb7 40. Qf8 Nc4 41. Qxg7 d4 42. Qxh6 d3 43. Qf4 d2 44.
Qf3+ Kb8 45. h6 Nxe5 46. Qe2 Ng4+ 47. Kg1 Nxh6 48. Qxd2 1-0

[Event "XX Carlos Torre Wimbledon"]
[Site "Merida MEX"]
[Date "2007.12.20"]
[Round "2.1"]
[White "Quezada Perez,Y"]
[Black "Graf,A"]
[Result "1/2-1/2"]
[WhiteElo "2546"]
[BlackElo "2574"]
[EventDate "2007.12.19"]

1. e4 e6 2. d4 d5 3. Nc3 Nf6 4. e5 Nfd7 5. f4 c5 6. Nf3 Nc6 7. Be3 Qb6 8.
Na4 Qa5+ 9. c3 c4 10. b4 Qc7 11. Be2 Be7 12. O-O O-O 13. Qc2 f6 14. exf6
Nxf6 15. Ne5 Nd8 16. Nb2 a5 17. b5 a4 18. Rab1 Nf7 19. b6 Qd8 20. Nxa4 Nxe5
21. dxe5 Ne4 22. Bf3 Bd7 23. Bxe4 Bxa4 24. Bxh7+ Kh8 25. Qg6 Be8 26. Qc2
Ba4 27. Qg6 Be8 28. Qc2 1/2-1/2

[Event "XX Carlos Torre Wimbledon"]
[Site "Merida MEX"]
[Date "2007.12.20"]
[Round "2.1"]
[White "Nogueiras Santiago,J"]
[Black "Cordova,Em"]
[Result "1-0"]
[WhiteElo "2549"]
[BlackElo "2493"]
[EventDate "2007.12.19"]

1. c4 e5 2. Nc3 Bb4 3. Nd5 Bc5 4. b4 Bd4 5. Rb1 c6 6. e3 cxd5 7. exd4 exd4
8. cxd5 d6 9. Bc4 Nd7 10. Ne2 Ne5 11. Bb5+ Bd7 12. Bxd7+ Qxd7 13. O-O Nf6
14. Nxd4 O-O 15. Qb3 Ng6 16. Bb2 Rfe8 17. Rbe1 Ne4 18. Ne6 Nf6 19. Bxf6
gxf6 20. Nd4 Re5 21. Qf3 Rg5 22. Qxf6 Rxd5 23. Re4 Qd8 24. Qf3 Qg5 25. Rg4
Qe5 26. Re4 Qg5 27. Rd1 Rc8 28. h4 Qh5 29. Qxh5 Rxh5 30. g4 Rxh4 31. Nf5 d5
32. Rd4 Rh3 33. Re1 Rf3 34. Re3 Rxe3 35. dxe3 Rc4 36. Nd6 Rxd4 37. exd4 Nf4
38. Nxb7 Ne2+ 39. Kf1 Nxd4 40. Nd6 Nc2 41. b5 Na3 42. Ke2 Kf8 43. Kd3 Ke7
44. Nc8+ Kd7 45. Nxa7 Kc7 46. f4 Kb6 47. Nc8+ Kxb5 48. Nd6+ Kc5 49. Nxf7
Nc4 50. f5 Nb2+ 51. Ke2 d4 52. Ne5 Kd5 53. f6 Ke6 54. g5 Na4 55. f7 Ke7 56.
Kd3 Nc5+ 57. Kxd4 Ne6+ 58. Kd5 Nxg5 59. a4 Ne6 60. a5 Nc7+ 61. Kc6 1-0

[Event "XX Carlos Torre Wimbledon"]
[Site "Merida MEX"]
[Date "2007.12.20"]
[Round "2.2"]
[White "Cordova,Em"]
[Black "Nogueiras Santiago,J"]
[Result "0-1"]
[WhiteElo "2493"]
[BlackElo "2549"]
[EventDate "2007.12.19"]

1. d4 e6 2. Nf3 d5 3. g3 Nf6 4. Bg2 b5 5. O-O Bb7 6. c3 c5 7. dxc5 Bxc5 8.
b4 Bb6 9. a4 bxa4 10. Qxa4+ Nbd7 11. c4 dxc4 12. Rd1 O-O 13. Na3 Bd5 14.
Bg5 Bxf2+ 15. Kf1 Qb6 0-1